书目信息 |
| 题名: |
中国古代旅游
|
|
| 作者: | 王俊 编著 | |
| 分册: | ||
| 出版信息: | 北京 中国商业出版社 2017 |
|
| 页数: | 222页 | |
| 开本: | 24cm | |
| 丛书名: | 中国传统民俗文化丛书 | |
| 单 册: | ||
| 中图分类: | F592.9 | |
| 科图分类: | ||
| 主题词: | 旅游--中国--古代 | |
| 电子资源: | ||
| ISBN: | 978-7-5044-9683-6 | |
| 000 | 00952oam2 2200265 450 | |
| 001 | 012001000088 | |
| 005 | 20140920091301.0 | |
| 010 | @a978-7-5044-9683-6@dCNY45.00 | |
| 100 | @a20171018d2017 em y0chiy50 ea | |
| 101 | 0 | @achi |
| 102 | @aCN@b110000 | |
| 105 | @aab z 000yy | |
| 106 | @ar | |
| 200 | 1 | @a中国古代旅游@9Zhong Guo Gu Dai Lv You@f王俊编著 |
| 210 | @a北京@c中国商业出版社@d2017 | |
| 215 | @a222页@c图,地图@d24cm | |
| 225 | 1 | @a中国传统民俗文化丛书@h七@i古代文化系列@v21 |
| 330 | @a本书以时代顺序为纲,以重大旅游活动、重要历史人物为目,通过不同时代、不同历史人物的旅游内容、旅游风格、旅游特点,来突出各个历史时期不同的旅游活动和旅游时尚,论述了中国旅游产生、发展的历史脉络。 | |
| 461 | 0 | @12001 @a中国传统民俗文化丛书 |
| 462 | 0 | @12001 @a古代文化系列 |
| 606 | 0 | @a旅游@y中国@z古代 |
| 690 | @aF592.9@v5 | |
| 701 | 0 | @a王俊@9Wang Jun@f(1970-)@4编著 |
| 801 | 0 | @aCN@b上海新华@c20180901 |
| 905 | @b1040429-33@dF592.9@e551@f5 | |
| 中国古代旅游/王俊编著.-北京:中国商业出版社,2017 |
| 222页:图,地图;24cm.-(中国传统民俗文化丛书.七.古代文化系列;21) |
| ISBN 978-7-5044-9683-6:CNY45.00 |
| 本书以时代顺序为纲,以重大旅游活动、重要历史人物为目,通过不同时代、不同历史人物的旅游内容、旅游风格、旅游特点,来突出各个历史时期不同的旅游活动和旅游时尚,论述了中国旅游产生、发展的历史脉络。 |
| ● |
| 相关链接 |
|
|
|
|
正题名:中国古代旅游
索取号:F592.9/551
 
预约/预借
| 序号 | 登录号 | 条形码 | 馆藏地/架位号 | 状态 | 备注 |
| 1 | 1040429 | 210404294 | 第一样本阅览室/ [索取号:F592.9/551] | 在馆 | |
| 2 | 1040430 | 210404301 | 第一借阅区/ [索取号:F592.9/551] | 在馆 | |
| 3 | 1040431 | 210404310 | 第一借阅区/ [索取号:F592.9/551] | 在馆 | |
| 4 | 1040432 | 210404329 | 第一借阅区/ [索取号:F592.9/551] | 在馆 | |
| 5 | 1040433 | 210404338 | 密集书库-海洋学院/ [索取号:F592.9/551] | 在馆 |